All JetPunk Badges - Statistics

General Stats
  • This quiz has been taken 21 times
  • The average score is 13 of 31
Answer Stats
Amount of Users Badge % Correct
29,507 USA
74%
16,792 France
68%
17,615 Welcome
68%
9,629 Italy
63%
10,721 Scientist
58%
10,619 Spain
58%
168,266 196
47%
7,545 China
47%
16,771 Germany
47%
23,788 Border
42%
16,406 British
42%
11,587 History
42%
6,698 Music
42%
4,212 Country Trivia
37%
5,881 Generalissimo
37%
19,243 Math Wizard
37%
7,797 Movie Maven
37%
16,116 Puzzle
37%
11,918 Random Geography
37%
11,040 Words
37%
10,858 Cities
32%
16,298 Island
32%
12,237 One Minute
32%
22,928 Population
32%
3,751 U.S. State Trivia
32%
9,951 Video Games
32%
28,047 World Capitals
32%
36,871 Flag
26%
10,551 Satellite
26%
15,634 Language
21%
18,653 Picture
21%
No matching quizzes found
Score Distribution
Percent of People with Each Score
Percentile by Number Answered
Your Score History
You have not taken this quiz